| 000 | 01062nam a22002777a 4500 | ||
|---|---|---|---|
| 001 | 9460 | ||
| 003 | FISKH | ||
| 005 | 20260113121737.0 | ||
| 008 | 260113b cb ||||| |||| 00| 0 eng d | ||
| 020 | _a9780439968805 | ||
| 040 |
_aFISKH _beng _cFISKH _dFISKH |
||
| 082 | _a821.9 | ||
| 100 | _aCookson , Paul | ||
| 245 |
_aDisgusting poems / _ccompiled by Paul Cookson : Illustrated by Sarah Nayler |
||
| 260 |
_aNew York : _bScholastic , _c2004 . |
||
| 300 |
_a120 pages : _billustrations ; _c20 cm . |
||
| 505 | _aM | ||
| 520 | _aA snotty, slimy, sick-inducing selection of the most disgusting poems ever written. Paul Cookson has collected verse old and new about the most tasteless and revolting things you can imagine... Stinky socks, crusty cowpats, burps and bogies - this anthology has them all, and more! | ||
| 521 | 8 |
_a530
_bLexile estimate |
|
| 521 | 8 |
_aM
_bRaz-Plus |
|
| 650 |
_aPoetry _vFiction |
||
| 650 |
_asimple rhymes _vFiction |
||
| 700 |
_aNayler , Sarah _eIllustrator |
||
| 942 |
_2ddc _cBK _n0 |
||
| 999 |
_c9460 _d9460 |
||